Kadra reprezentacji Portugalii - MŚ 2014 - Statystyki

Ogólne statystyki
  • Ten quiz został rozwiązany 32 razy
  • Średni wynik to 10 z 24
Statystyki odpowiedzi
Nr Zawodnik Poz % Poprawnych
7 Cristiano Ronaldo NA
100%
3 Pepe OB
90%
17 Nani PO
83%
12 Rui Patrício BR
76%
6 William Carvalho PO
72%
5 Fábio Coentrão OB
62%
15 Rafael Silva PO
62%
8 João Moutinho PO
52%
11 Éder NA
48%
16 Raul Meireles PO
41%
13 Ricardo Costa OB
41%
2 Bruno Alves OB
38%
23 Hélder Postiga NA
34%
21 João Pereira OB
31%
22 Beto BR
24%
# Paulo Bento Trener
24%
19 André Almeida OB
21%
1 Eduardo BR
21%
9 Hugo Almeida NP
21%
18 Silvestre Varela NA
21%
4 Miguel Veloso PO
17%
20 Rúben Amorim PO
17%
14 Luís Neto OB
14%
10 Vieirinha NA
7%
Nie znaleziono quizów pasujących do podanych kryteriów
Rozkład punktacji
Procent ludzi z każdym wynikiem
Percentyl według liczby udzielonych odpowiedzi
Twoja historia wyników
Nie rozwiązałeś tego quizu